The geology of the neighbourhood of Tapah and Telok Anson, Perak, Federated Malay States, (Record no. 27534)
[ view plain ]
| 000 -LEADER | |
|---|---|
| fixed length control field | 00981cam a22002651 4500 |
| 001 - CONTROL NUMBER | |
| control field | gs 39000121 |
| 003 - CONTROL NUMBER IDENTIFIER | |
| control field | DLC |
| 005 - DATE AND TIME OF LATEST TRANSACTION | |
| control field | 20260227111344.0 |
| 008 - FIXED-LENGTH DATA ELEMENTS--GENERAL INFORMATION | |
| fixed length control field | 720825s1938 xx 000 0 eng |
| 010 ## - LIBRARY OF CONGRESS CONTROL NUMBER | |
| LC control number | gs 39000121 |
| 035 ## - SYSTEM CONTROL NUMBER | |
| System control number | (OCoLC)391669 |
| 040 ## - CATALOGING SOURCE | |
| Original cataloging agency | DLC |
| Transcribing agency | OAU |
| Modifying agency | DLC |
| 042 ## - AUTHENTICATION CODE | |
| Authentication code | premarc |
| 050 00 - LIBRARY OF CONGRESS CALL NUMBER | |
| Classification number | QE299.5 |
| Item number | .A32 no. 2 |
| 082 ## - DEWEY DECIMAL CLASSIFICATION NUMBER | |
| Classification number | 553.09595 |
| 100 1# - MAIN ENTRY--PERSONAL NAME | |
| Personal name | Ingham, Frank Tinley, |
| Dates associated with a name | 1895- |
| 245 04 - TITLE STATEMENT | |
| Title | The geology of the neighbourhood of Tapah and Telok Anson, Perak, Federated Malay States, |
| Statement of responsibility, etc. | with an account of the mineral deposits. |
| 260 ## - PUBLICATION, DISTRIBUTION, ETC. | |
| Place of publication, distribution, etc. | [Singapore, |
| Name of publisher, distributor, etc. | Printers, ltd., |
| Date of publication, distribution, etc. | 1938] |
| 300 ## - PHYSICAL DESCRIPTION | |
| Extent | 72, v p. |
| Other physical details | plates, maps (2 fold., col., in pocket) diagr. |
| Dimensions | 27 cm. |
| 490 1# - SERIES STATEMENT | |
| Series statement | Malay States, Federated. Geological Survey Dept. [Memoir no. 2] |
| 500 ## - GENERAL NOTE | |
| General note | Cover title. |
| 650 #0 - SUBJECT ADDED ENTRY--TOPICAL TERM | |
| Topical term or geographic name entry element | Geology |
| Geographic subdivision | Federated Malay States. |
| 650 #0 - SUBJECT ADDED ENTRY--TOPICAL TERM | |
| Topical term or geographic name entry element | Mines and mineral resources |
| Geographic subdivision | Federated Malay States. |
| 810 1# - SERIES ADDED ENTRY--CORPORATE NAME | |
| Corporate name or jurisdiction name as entry element | Malaya. |
| Subordinate unit | Geological Survey Department. |
| Title of a work | Memoir ; |
| Volume/sequential designation | no. 2. |
No items available.